00263nam a2200097Ia 4500008004100000020001800041100002400059245003600083260003200119300001400151171205s9999 xx 000 0 und d a9789712712494 aGarcia, Leonardo R. cLeonardo R. GarciaaE-Marketing bAnvil Publishing, Incc2002 a295 pages